50 Countries by Relation to Last Country #1 - Statistics

General Stats
  • This quiz has been taken 59 times
  • The average score is 40 of 50
Answer Stats
Country
% Correct
Start With Russia... Russia
98%
Whose Longest border is... China
94%
Whose name isvery similar to... Iceland
94%
Whose only border is... Ireland
94%
Whose Buddhist border is... Mongolia
94%
which got its independence from... United Kingdom
94%
Whose closest neighboris an territory of... Denmark
92%
Whose only border is... Germany
92%
which was once part of... Japan
92%
Which claims... Taiwan
92%
Which got nuked twice by... United States
92%
Whose dictator in 1942 was from... Austria
90%
Whose first five lettersare shared by... Australia
88%
Who shares a border with... Indonesia
88%
Whose closest neighbor is... Papua New Guinea
88%
Which shares a languagewith its southern border... Belgium
86%
Who was oncecolonized by... Netherlands
86%
Who is enclaved in Italy just like... San Marino
84%
Whose smallest border is... Vatican City
84%
Which colonized... D. R. Congo
82%
Which was colonized by... Italy
82%
Whose northern border is... Central African Republic
80%
Who is enclaved also like... Lesotho
80%
Who is in a war with... North Korea
80%
And the only other countrywith the word North is... North Macedonia
80%
Which is surrounded by... South Africa
80%
The only other countrythe word South is... South Korea
80%
Whose closest NON-BORDERINGcountry is... Cyprus
78%
Which was once part of... Egypt
78%
Who had a war with... Israel
78%
Whose closest Non-European neighbor is... Libya
78%
Which is a Mediterraneannation along with.. Malta
78%
Who shares a border with a VERY similarly sized... South Sudan
78%
Which became a countrybreaking apart from... Sudan
78%
Whose enemy border is... Greece
76%
Whose northern border is... Lebanon
76%
Whose largest border is... Algeria
74%
Who shares a border with theAfrican nation... Morocco
74%
Whose northern border is... Poland
74%
Which is the only country inEurope starting with 'P' other than... Portugal
74%
Whose longest border is with... Romania
74%
Who shares a border with... Spain
74%
Whose biggest Europeanborder is... Bulgaria
72%
Who used to be part of... Czech Republic
70%
Whose capital is similar to... Hungary
70%
Whose northern border is... Slovakia
70%
Whose name is quite similar to... Albania
66%
Who is a European muslimmajority country like its border... Kosovo
66%
Which broke apart from... Serbia
62%
Which is a Slavic country kindof like the biggest of the all... Russia!!!
60%
No matching quizzes found
Score Distribution
Percent of People with Each Score
Percentile by Number Answered
Your Score History
You have not taken this quiz